000 00321nam a22001337a 4500
008 181121b xxu||||| |||| 00| 0 eng d
020 _a9780801657580
041 _aeng
080 _24th
_a616.12
100 _a7
101 _aKARD
245 _aTechniques in Bedside Hemodynamic Monitoring
_cDaily,E.K
942 _2udc
_cBK
999 _c52292
_d52292